Welcome to the Holygrace Academy Library

Please use search bar below to get started

MULTIMEDIA AND WEB TECHNOLOGY (Record no. 1666)

MARC details
000 -LEADER
fixed length control field 00315nam a22001337a 4500
082 ## - DEWEY DECIMAL CLASSIFICATION NUMBER
Classification number 000
Item number BAN/M
100 ## - MAIN ENTRY--AUTHOR NAME
Personal name BANGIA, RAMESH
245 ## - TITLE STATEMENT
Title MULTIMEDIA AND WEB TECHNOLOGY
250 ## - EDITION STATEMENT
Edition statement SECOND EDITION
260 ## - PUBLICATION, DISTRIBUTION, ETC. (IMPRINT)
Place of publication DELHI
Name of publisher FIREWALL MEDIA
300 ## - PHYSICAL DESCRIPTION
Number of Pages 878
650 ## - SUBJECT ADDED ENTRY--TOPICAL TERM
Topical Term COMPUTER SCIENCE REFERENCE
Geographic subdivision INDIA
942 ## - ADDED ENTRY ELEMENTS (KOHA)
Koha item type Books
Holdings
Withdrawn status Lost status Collection code Home library Current library Shelving location Date acquired Source of acquisition Cost, normal purchase price Full call number Accession Number Koha item type
    Reference Main Library Main Library SHELF-5- I - REFERENCE ECONOMICS COMPUTER SCIENCE 22/07/2009 purchase 395.00 000 BAN/M 00948 Books